Cuentos (Registro nro. 35485)

000 -CABECERA
campo de control de longitud fija 00767cam a22002414a 4500
001 - NÚMERO DE CONTROL
campo de control YPZ96154
003 - IDENTIFICADOR DEL NÚMERO DE CONTROL
campo de control YPZ
005 - FECHA Y HORA DE LA ÚLTIMA TRANSACCIÓN
campo de control 20260310090415.0
008 - DATOS DE LONGITUD FIJA--INFORMACIÓN GENERAL
campo de control de longitud fija 260310s1966 ag grb 001 1 spa d
040 ## - FUENTE DE LA CATALOGACIÓN
Centro/agencia transcriptor SIUNPA
Centro catalogador/agencia de origen SIUNPA
Lengua de catalogación spa
Normas de descripción AACR2
041 ## - CÓDIGO DE LENGUA
Código de lengua del texto/banda sonora o título independiente spa
044 ## - CÓDIGO DEL PAÍS DE LA ENTIDAD EDITORA/PRODUCTORA
Código MARC del país ag
080 ## - NÚMERO DE LA CLASIFICACIÓN DECIMAL UNIVERSAL
Número de la Clasificación Decimal Universal 821.134.2(82) F847cu
100 ## - ENTRADA PRINCIPAL--NOMBRE DE PERSONA
Nombre de persona Fray Mocho, seud.
Fechas asociadas al nombre 1858-1903
Forma completa/desarrollada del nombre Álvarez, José Sixto
245 ## - MENCIÓN DE TÍTULO
Título Cuentos
Mención de responsabilidad, etc. / José S. Álvarez (Fray Mocho) ; introducción, notas y vocabulario Marta A. Marín
260 ## - PUBLICACIÓN, DISTRIBUCIÓN, ETC.
Lugar de publicación, distribución, etc. Buenos Aires
Nombre del editor, distribuidor, etc. : Librería del Colegio
Fecha de publicación, distribución, etc. , 1966
300 ## - DESCRIPCIÓN FÍSICA
Extensión 341 p.
490 ## - MENCIÓN DE SERIE
Mención de serie (Colección clásicos Huemul ;
Designación de volumen o secuencia 64)
650 ## - PUNTO DE ACCESO ADICIONAL DE MATERIA--TÉRMINO DE MATERIA
Término de materia o nombre geográfico como elemento de entrada LITERATURA ARGENTINA
650 ## - PUNTO DE ACCESO ADICIONAL DE MATERIA--TÉRMINO DE MATERIA
Término de materia o nombre geográfico como elemento de entrada CUENTO
700 ## - PUNTO DE ACCESO ADICIONAL--NOMBRE DE PERSONA
Nombre de persona Marín, Marta A.
Término indicativo de función/relación introducción, notas y vocabulario
942 ## - ELEMENTOS DE PUNTO DE ACCESO ADICIONAL (KOHA)
Tipo de ítem Koha Libros
Fuente del sistema de clasificación o colocación
Existencias
Estado de retiro Estado de pérdida Fuente del sistema de clasificación o colocación Estado dañado No para préstamo Código de colección Localización permanente Ubicación/localización actual Fecha de adquisición Fuente de adquisición Coste, precio normal de compra Número de inventario Signatura topográfica completa Código de barras Fecha visto por última vez Precio válido a partir de Tipo de ítem Koha
          Colección General SIUNPA Biblioteca Académica Malvina Perazo 2026-03-10 Donación Magnoni 12000.00 05-52014 821.134.2(82) F847cu 05-52014 2026-03-10 2026-03-10 Libros